00443nam a2200145Ia 4500100002300000942000700023654001300030245002800043260004400071082001200115300000800127546001200135999001700147952013300164 aUnterweiser P. W.  cBK ahandbook aForging design handbook bAmerican Society for metalsaOhioc1972 a671.332 a308 aENGLISH c27730d27730 001040708AFTaCRCEbCRCEc1508 | 17d2023-03-17eUBSg344.75iT-363l0o671.332 pAFT2893r2023-03-17v344.75w2023-03-17yBK